LIBRARY & INFORMATION CENTRE, KCAET, TAVANUR

ONLINE PUBLIC ACCESS CATALOGUE (OPAC)

Biofertizers and Organic Farming / (Record no. 13292)

MARC details
000 -LEADER
fixed length control field 00369cam a2200145ua 4500
020 ## - INTERNATIONAL STANDARD BOOK NUMBER
ISBN 9788189729202
082 ## - DEWEY DECIMAL CLASSIFICATION NUMBER
Classification number 631.87
Item number PAN/BI
100 ## - MAIN ENTRY--AUTHOR NAME
Personal name .
245 00 - TITLE STATEMENT
Title Biofertizers and Organic Farming /
260 ## - PUBLICATION, DISTRIBUTION, ETC. (IMPRINT)
Place of publication New Delhi :
Name of publisher Gene Tech Books ,
Year of publication 2012
300 ## - PHYSICAL DESCRIPTION
Number of Pages 397 ;
700 1# - ADDED ENTRY--PERSONAL NAME
Personal name Panda, Himadri
700 1# - ADDED ENTRY--PERSONAL NAME
Personal name Hota, Dharamvir
942 ## - ADDED ENTRY ELEMENTS (KOHA)
Koha item type Books
Holdings
Withdrawn status Lost status Damaged status Home library Current library Date acquired Full call number Accession Number Koha item type Collection code Shelving location Source of acquisition Cost, normal purchase price
      KAUAET KAUAET 07/04/2012 631.87 21585 Books        
      KAUAET KAUAET 26/07/2016 631.87 PAN/BI 24274 Books   General Stacks Universal Research Books. 1650.00
free website counter